000 00427pab a2200181 454500
008 180718b2002 xxu||||| |||| 00| 0 eng d
100 _aRao, N.C. Gundu
245 _aAction of ARC report
260 _c2002
300 _ap.10.
362 _a1 Jan
650 _aBureaucracy
650 _aCivil service
650 _aPublic administration
650 _aAdministrative reform
773 _aDeccan Herald
909 _a52720
999 _c52720
_d52720